Historia por imagem - Statistics

Estatísticas Gerais
  • Esse quiz foi jogado 817 vezes
  • A pontuação média é 8 de 20
Estatísticas das Respostas
Imagem Resposta % Correto
peste negra
81%
comunismo
79%
Albert Einstein
78%
Neil Armstrong
78%
Buda
75%
Stalin
68%
Marie Curie
60%
guerra fria
47%
Ludwig van Beethoven
47%
George Washington
41%
babilônia
38%
Aristóteles
32%
Franklin D Roosevelt
23%
Dia-D
21%
David
18%
Austria-Hungria
14%
Augustus
9%
Eiffel Tower
6%
casa branca
4%
revolução americana
4%
Nenhum quiz correspondente encontrado
Distribuição das Pontuações
Porcentagem de Pessoas com Cada Pontuação
Percentil de Números Respondidos
Sua Pontuação Histórica
Você não jogou esse quiz